Music Quiz

Random Music or Song Quiz

Name the Cnblue songs until April 5, 2016 Quiz Stats

Quiz not verified by Sporcle

Challenge
Share
Tweet
Embed
Score 0/56 Timer 05:00
0 Plays Today
Answer % Correct
Love
100%
Cinderella
95.9%
I'm a loner
87.8%
Can't stop
87.8%
Love light
85.7%
Love girl
85.7%
I'm sorry
75.5%
Hey you
65.3%
Coffee Shop
51%
Cold love
51%
Domino
51%
Y Why
49%
Love Revolution
46.9%
Now or Never
44.9%
Where you are
44.9%
Radio
44.9%
Black flower
42.9%
Sleepless night
42.9%
Love is..
40.8%
Young forever
40.8%
Sweet holiday
38.8%
Still in love
38.8%
In my head
38.8%
Diamond girl
38.8%
Lie
38.8%
Roller coaster
38.8%
Imagine
36.7%
Tattoo
34.7%
Answer % Correct
Like a child
34.7%
One time
34.7%
Hide and Seek
34.7%
Run
32.7%
You are so fine
32.7%
I don't know why
32.7%
Thank you
32.7%
Let's go crazy
30.6%
Catch me
30.6%
Control
30.6%
Footstep
30.6%
Rock n' roll
28.6%
Just please
28.6%
Drunken night
28.6%
I will forget you
26.5%
Without you
26.5%
One of kind
26.5%
Hero
26.5%
Dream boy
24.5%
Man like me
24.5%
The seasons
24.5%
Stay sober
24.5%
Wanna be like you
22.4%
More than you
20.4%
Intution
20.4%
Hold my hands
20.4%
Love comes with the rain
12.2%
Ready and go
12.2%

You're not logged in!

Compare scores with friends on all Sporcle quizzes.
Join for Free
OR
Log In

You Might Also Like...

Show Comments

Extras

Created May 9, 2016ReportNominate
Tags:Song Quiz, 2016, April, until

Top Quizzes Today


Score Distribution

Your Account Isn't Verified!

In order to create a playlist on Sporcle, you need to verify the email address you used during registration. Go to your Sporcle Settings to finish the process.

Report this User

Report this user for behavior that violates our Community Guidelines.

Details: